000 00317nam a2200133 i 4500
001 bg
100 1 _aPELKA, Horst
245 0 _aOd algebry połączeń do mikroprocesora /
_cHorst Pelka.
260 _aWarszawa,
_c1980.
040 _cBPK
041 _apol
942 _cKS
008 s pl f |000 0 pol
999 _c19912
_d19912
856 _uhttp://koha.tu.koszalin.pl/cgi-bin/koha/opac-detail.pl?biblionumber=19912
_yKatalog online BPK